000 00511nam a2200181Ia 4500
003 GCL
008 140319s9999 xx 000 0 ara d
040 _aGCL /
_cGCL
082 0 4 _a291
_bع ت
100 1 _aعبدالودود شلبى
245 1 0 _aالتزوير المقدس /
_cعبدالودود شلبى
300 _a159 ص
490 _a
650 0 4 _aالاسلام والمسيحية
650 0 4 _aالديانات المقارنة
650 0 4 _aالانجيل - تعليقات
942 _2ddc
_cBK
999 _c45806
_d45806